Statistics for Most Appearances in La Liga

Click here to take the quiz!

General Stats

  • This quiz has been taken 81 times
    (51 since last reset)
  • The average score is 9 of 25

Answer Stats

#AppearancesYearsClub(s)Answer% Correct
85202004-2021BarcelonaLionel Messi
89%
45501994-2010Real MadridRaúl González
80%
95101999-2015Real MadridIker Casillas
75%
105082004-2021Real Madrid, SevillaSergio Ramos
75%
115051998-2015BarcelonaXavi Hernández
75%
164812008-2023BarcelonaSergio Busquets
70%
174791976-1992Sporting GijónJoaquín Alonso
61%
26212000-2023Real Betis, Valencia, MálagaJoaquín Sánchez
61%
134971987-2003Real Madrid, Real ValladolidFernando Hierro
59%
184722003-'13, 2017-SevillaJesús Navas
59%
35892004-Athletic Bilbao, Atlético Madrid, OsasunaRaúl García
48%
16221981-1998Barcelona, Athletic Bilbao, ValenciaAndoni Zubizarreta
30%
75231983-2001Real MadridManolo Sanchís
23%
204661988-2003Deportivo La Coruña, Atlético MadridDonato Gama da Silva
18%
234611970-1988Real Madrid, Racing SantanderSantillana
18%
144831980-1997Barcelona, Real SociedadJosé Mari Bakero
14%
224631989-2005Real Mallorca, BarcelonaMiguel Nadal
14%
65421980-1996Real Madrid, SevillaFrancisco Buyo
11%
55431983-2002Real Valladolid, Barcelona, Celta Vigo, Atlético MadridEusebio Sacristán
5%
204661962-1980Athletic BilbaoJosé Iribar
2%
154821984-2002Real Sociedad, Real Burgos, Athletic BilbaoLoren
2%
234611979-1993Real SociedadAlberto Górriz
0%
194691967-1985Real Betis, Real SociedadJosé Esnaola
0%
254601980-1994Real SociedadJuan Larrañaga
0%
125041983-2003Real Mallorca, Espanyol, Barcelona, Sevilla, Real Zaragoza, Atlético Madrid, Real MadridMiquel Soler
0%

Score Distribution

Percentile by Number Answered

Percent of People with Each Score

Your Score History

You have not taken this quiz since the last reset